000 00373nam a2200145Ia 4500
008 230312s9999||||xx |||||||||||||| ||und||
020 _a9781111726256
082 _a153.152
_bALL-S
100 _aPhillips,L,Charles
245 0 _aFeedback control systems
260 _bCengage
_aUSA
_c2012
300 _a259
650 _aAnimal psychology
_vLaboratoty animals
942 _cBK
999 _c18033
_d18033